Schooling around the world

Sparad:
Bibliografiska uppgifter
Huvudupphovsman: Mazurek, Kas.
Materialtyp: Bok
Språk:Undetermined
Publicerad: Boston Pearson 2006
Ämnen:
Taggar: Lägg till en tagg
Inga taggar, Lägg till första taggen!
Thư viện lưu trữ: Trung tâm Học liệu Trường Đại học Cần Thơ
LEADER 00593nam a2200205Ia 4500
001 CTU_117932
008 210402s9999 xx 000 0 und d
020 |c 54.21 
082 |a 370.9 
082 |b M476 
100 |a Mazurek, Kas. 
245 0 |a Schooling around the world 
245 0 |c Kas Mazurek, Margret A. Winzer 
260 |a Boston 
260 |b Pearson 
260 |c 2006 
650 |a comparative education,education,educational change 
650 |x cross-cultural studies,cross-cultural studies 
904 |i Tuyến 
980 |a Trung tâm Học liệu Trường Đại học Cần Thơ